Modelling biological systems: A computational approach (Record no. 31251)

MARC details
000 -LEADER
fixed length control field 00500nam a2200169Ia 4500
008 - FIXED-LENGTH DATA ELEMENTS--GENERAL INFORMATION
fixed length control field 230917s9999||||xx |||||||||||||| ||und||
020 ## - ISBN
Price USD139.99
040 ## - CATALOGING SOURCE
-- 255636
Original cataloging agency VIVEKANANDA LIBRARY
041 ## - Language
-- English
082 ## - DDC NUMBER
Classification number 570.11 M355M
100 ## - MAIN ENTRY--PERSONAL NAME
Personal name Marshall, Christina, ed.
245 #0 - TITLE STATEMENT
Title Modelling biological systems: A computational approach
260 ## - PUBLICATION, DISTRIBUTION, ETC. (IMPRINT)
Place of publication, distribution, etc New York
Name of publisher, distributor, etc Syrawood Publishing House
Date of publication, distribution, etc 2016
300 ## - PHYSICAL DESCRIPTION
Pages vii, 186 p.
500 ## - GENERAL NOTE
General note 3471 08/05/2019 RBP19/75881 31/05/2019 Main Budget
942 ## - ADDED ENTRY ELEMENTS (KOHA)
Koha item type Books
Holdings
Withdrawn status Lost status Damaged status Not for loan Location (home branch) Sublocation or collection (holding branch) Date acquired Koha issues (times borrowed) Koha full call number Accession No. Koha date last seen Koha item type
        VIVEKANANDA LIBRARY VIVEKANANDA LIBRARY 21/06/2019   570.11 M355M 383490 17/09/2023 Books
© Designed and Maintained by Vivekananda Library, MDU Rohtak